Loading...
Philosophy | 3 | 2 | 1 | 0 | 60 | 35 | 70.20 | 4 | 5 |
History - Ancient History | 2 | 1 | 0 | 1 | 40 | 44 | 76.00 | 2 | 3 |
Religion | 0 | 4 | 1 | 1 | 35 | 109 | 132.50 | 1 | 4 |
History - World History | 2 | 1 | 1 | 1 | 35 | 27 | 70.33 | 1 | 3 |
History - American History | 1 | 2 | 0 | 1 | 35 | 62 | 100.67 | 2 | 3 |
Literature - World Literature | 1 | 2 | 0 | 0 | 35 | 55 | 95.33 | 1 | 3 |
Social Science | 0 | 4 | 2 | 0 | 30 | 75 | 90.75 | 4 | 4 |
Literature - European Literature | 0 | 3 | 1 | 0 | 25 | 101 | 111.33 | 2 | 3 |
Science - Biology | 0 | 2 | 0 | 2 | 20 | 133 | 134.50 | 0 | 2 |
History - European History | 0 | 2 | 0 | 0 | 20 | 95 | 107.00 | 1 | 2 |
Mythology | 0 | 3 | 2 | 1 | 20 | 96 | 118.33 | 0 | 3 |
Other Academic | 0 | 2 | 0 | 0 | 20 | 101 | 104.50 | 0 | 2 |
Fine Arts - Visual Fine Arts | 0 | 2 | 1 | 1 | 15 | 149 | 149.00 | 0 | 2 |
Fine Arts - Auditory Fine Arts | 0 | 2 | 1 | 0 | 15 | 96 | 101.50 | 1 | 2 |
Geography | 1 | 0 | 1 | 0 | 10 | 47 | 47.00 | 1 | 1 |
Current Events | 0 | 1 | 0 | 0 | 10 | 93 | 93.00 | 0 | 1 |
Science - Physics | 0 | 1 | 0 | 0 | 10 | 144 | 144.00 | 0 | 1 |
Literature - American Literature | 0 | 0 | 1 | 0 | -5 | 0.00 | 0 | 0 |